Đánh giá chất lượng môi trường nước ở kênh lô 2, phường 4, thị xã Vị Thanh trong mùa khô 2008 : Luận văn tốt nghiệp đại học. Chuyên ngành Khoa học môi trường
Đánh giá chất lượng nước và xác định các nguồn gây ô nhiễm ở kênh lô 2, phường 4, thị xã Vị Thanh.
Wedi'i Gadw mewn:
| Prif Awdur: | |
|---|---|
| Fformat: | Llyfr |
| Iaith: | Undetermined |
| Cyhoeddwyd: |
Cần Thơ
Trường Đại học Cần Thơ
2008
|
| Pynciau: | |
| Tagiau: |
Ychwanegu Tag
Dim Tagiau, Byddwch y cyntaf i dagio'r cofnod hwn!
|
| Thư viện lưu trữ: | Trung tâm Học liệu Trường Đại học Cần Thơ |
|---|
| LEADER | 01067nam a2200205Ia 4500 | ||
|---|---|---|---|
| 001 | CTU_165274 | ||
| 008 | 210402s9999 xx 000 0 und d | ||
| 082 | |a 363.61 | ||
| 082 | |b Ch305 | ||
| 100 | |a Liêng, Quang Chiến | ||
| 245 | 0 | |a Đánh giá chất lượng môi trường nước ở kênh lô 2, phường 4, thị xã Vị Thanh trong mùa khô 2008 : | |
| 245 | 0 | |b Luận văn tốt nghiệp đại học. Chuyên ngành Khoa học môi trường | |
| 245 | 0 | |c Liêng Quang Chiến ; Nguyễn Văn Bé (Cán bộ hướng dẫn) | |
| 260 | |a Cần Thơ | ||
| 260 | |b Trường Đại học Cần Thơ | ||
| 260 | |c 2008 | ||
| 520 | |a Đánh giá chất lượng nước và xác định các nguồn gây ô nhiễm ở kênh lô 2, phường 4, thị xã Vị Thanh. | ||
| 650 | |a Water-supply,Chất lượng nguồn nước,Water quality management | ||
| 904 | |i dthtrang, Kim Lan, Giang | ||
| 980 | |a Trung tâm Học liệu Trường Đại học Cần Thơ | ||